1926 1708 1784 1278 1286 1237 1318 1619 1787 1346 1414 1437 1805 1595 1877 1822 1952 1203 1829 1917 1140 1080 1898 1376 1537 1892 1043 1300 1875 1993 1814 1553 1344 1501 1237 1288 1572 1837 1067 1154 1935 1556 1375 1827 1752 1000 1634 1331 1310 1151 1248 1926 1808 1290 1975 1481 1490 1889 1894 1115 1534 1211 1670 1146 1373 1528 1738 1442 1216 1422 1177 1100 1940 1533 1704 1479 1766 1405 1232 1416 1850 1227 1398 1133 1402 1805 1458 1246 1895 1230 1429 1836 1400 1630 1793 1236 1991 1230 1132 BCNSPRNW ULIB Ver.6.0+V

เปลี่ยนเป็นภาษาไทย

Change to English
 แสดงรายละเอียดบรรณานุกรม
  กลับหน้าหลัก

Brief Record : Get Marc (ISO 2709) : E-mail record : QR code < ปิดหน้าต่าง
LEADER : 00000nam 2200000uu 4500
001    13399108885
003     ULIB
008    110316s||||||||th 000 0 tha d
024    9789990795202
060  4 WY20.5ร777ก 2547
100 0  เรณา พงษ์เรืองพันธุ์ และประสิทธิ์ พงษ์เรืองพันธุ์
245 00 การวิจัยเชิงคุณภาพด้านสุขภาพอนามัย^cเรณา พงษ์เรืองพันธุ์ และประสิทธิ์ พงษ์เรืองพันธุ์
250    พิมพ์ครั้งที่ 3
260    ชลบุรี:^bภาควิชาวิจัยประเมินผลและการบริหารทางการพยาบาล คณะพยาบาลศาสตร์ มหาวิทยาลัยบูรพา^c2547
300    51 หน้า:^bภาพประกอบ
650  7 สุขภาพอนามัย^xการวิจัย
650  7 การวิจัยเชิงคุณภาพ
700 0  ประสิทธิ์ พงษ์เรืองพันธุ์
945    ^p70^l0^i017248
945    ^p70^l0^i017247
945    ^p70^l0^i017246
945    ^p70^l0^i017245
945    ^p70^l0^i017978
945    ^p70^l0^i017244
995    เกษร
999 ^a ใช้งานได้ทุกระบบ
รายการนี้ยังไม่มีแท็ก
คุณยังไม่ได้ล็อกอิน คุณสามารถมีกิจกรรมร่วมกับเว็บไซต์ได้ แต่ต้องล็อกอินก่อน ::
  ล็อกอิน

รายการสื่อสารสนเทศ

ลำดับที่ ประเภท เลขเรียก/บาร์โค้ด สถานที่ สถานะ
- ไม่พบข้อมูล -

รายการใกล้เคียง
    หัวเรื่อง [การวิจัยเชิงคุณภาพ]

BibComment


ยังไม่เคยถูกคอมเมนท์

คอมเมนท์ทรัพยากรรายการนี้
  คอมเมนท์: การวิจัยเชิงคุณภา..


 Copyright 2026. Bcnsprnw @Library